Qué es la productividad /
Guardado en:
| Autor Principal: | |
|---|---|
| Formato: | Libro |
| Publicado: |
Buenos Aires :
Columba,
1965
|
| Materias: | |
| Etiquetas: |
Agregar Etiqueta
Sin Etiquetas, Sea el primero en etiquetar este registro!
|
| LEADER | 00647nam a22001935a 4500 | ||
|---|---|---|---|
| 001 | CEM.cems002328 | ||
| 005 | 20060216000000.0 | ||
| 008 | 130507s1965##################000#0#####d | ||
| 003 | CEMS | ||
| 082 | 0 | 4 | |a 338 |
| 100 | 1 | |a Espoueys, Jorge | |
| 245 | 1 | 0 | |a Qué es la productividad / |c Jorge Espoueys |
| 260 | |a Buenos Aires : |b Columba, |c 1965 | ||
| 300 | |a 61 p. | ||
| 505 | 0 | |a La economia como subsistema de la sociedad; Instituciones economicas; Psicologia social de la industria; Sociologia del consumo | |
| 653 | |a Hombre y trabajo | ||
| 653 | |a Produccion | ||
| 653 | |a Produccion y bienestar | ||
| 859 | |a CEMS |b BIB. CEMS - 11 de abril |h 338 |i Es65 |p 3690.75 |t Ej.1 | ||
